000 00960 a2200253 4500
003 BJBSDDR
005 20260422164600.0
007 ta
008 250904s2019 sp 00| 0 spa d
020 _a9788413363745
040 _bspa
_cBJBSDDR
041 _aspa
050 1 0 _aKKT 28
_bF726 2019
245 0 0 _aFormularios de uso frecuente :
_bedición especial para el Ilustre Colegio de Abogados de Madrid /
_cMarien Velasco Paños... [y otros 5].
260 _aValencia, España :
_bTirant lo Blanch,
_c2019.
300 _a1079 páginas ;
_c24 cm.
490 1 _aFormularios
500 _a"Con acceso a los formularios on-line"--Cubierta "Laborales, penales, civiles y procesaes civiles, contencioso-administrativo, procedimiento administrativo"--Cubierta
650 4 _aDerecho
_vFormularios
_919948
_zEspaña
700 1 _aVelasco Paños, Marien
_948064
830 0 _aFormularios (Tirant lo Blanch)
_939901
942 _2lcc
_cBK
946 _irmza
999 _c125060
_d125060